Faith & Frenzy: (Record no. 189922)

MARC details
000 -LEADER
fixed length control field 00553nam a2200193 4500
005 - DATE AND TIME OF LATEST TRANSACTION
control field 20220714152351.0
010 ## - LCCN (DPL NO)
LC control number ENG-133543
020 ## - INTERNATIONAL STANDARD BOOK NUMBER
Terms of availability 250.00
International Standard Book Number 9789380828794
035 ## - SYSTEM CONTROL NUMBER
System control number EN-117075
037 ## - SOURCE OF ACQUISITION
Source of stock number/acquisition DBAD/PUB
082 ## - DEWEY DECIMAL CLASSIFICATION NUMBER
Classification number S
100 ## - MAIN ENTRY--PERSONAL NAME
Personal name Chowdhury,K.L
245 ## - TITLE STATEMENT
Title Faith & Frenzy:
Remainder of title short stories from kashmir/
Statement of responsibility, etc by K.L.Chowdhury
260 ## - PUBLICATION, DISTRIBUTION, ETC. (IMPRINT)
Place of publication, distribution, etc New Delhi
Name of publisher, distributor, etc Vitasta publishing
Date of publication, distribution, etc 2012
270 ## - ADDRESS
Address 2/15,Ansari Road, Daryaganj,
City New Delhi
Postal code 110002
300 ## - PHYSICAL DESCRIPTION
Extent 232p.
Dimensions 21cm(pbk)
700 ## - ADDED ENTRY--PERSONAL NAME
Personal name Sudershan,Chintapatla
942 ## - ADDED ENTRY ELEMENTS (KOHA)
Source of classification or shelving scheme Dewey Decimal Classification
Item type English Books
Classification part S
Call number suffix CHO
Holdings
Withdrawn status Lost status Not for loan Collection code Home library Current library Date acquired Source of acquisition Cost, normal purchase price Full call number Barcode Copy number Cost, replacement price Koha item type
      Fiction Bawana Bawana 14/07/2022 DBAD/PUB 250.00 S CHO EN-117075 1 250.00 English Books

© Delhi Public Library
Hit Counter
free hit counter